000 00213nam a22001097a 4500
999 _c65328
_d65325
082 _a291.954ODD
100 _aODDIE
245 _aReligion in South Asia
260 _aManohar
_c1991
300 _a272p
942 _cBK